000 01222njm a22003017a 4500
005 20100913100347.0
007 sd ammalaaahaa
008 100913t xxu||||| |||| 00| 0 hin d
028 _aSH - 21 R
_bSuper Hits
035 _aGR-04530
040 _aSED/VEN
100 _919606
_aPrabhakar, Sharon
245 _aHum se na jeeta koi /
_h[sound recording] :
_cby Sharon Prabhakar ; music by Bappi Lahiri ; lyric by Faruk Kaiser
246 _aहम से न जीता कोई (शरों प्रभाकर)
260 _aDum Dum, India
_bSuper Hits
_c1982
300 _a1 sound disc [Gramophone record] :
_banalog, 33.1/3 rpm
_c12 in. (LP)
_fGramophone record
500 _aBrief record.
500 _aSuper Hits
500 _aOrange
505 _aPart.1 Disco-disco (Hum se na jeeta koi ) (Sharon Prabhakar), Part. 2 Khol ke rakhna darwaja (Kishore Kumar & Asha Bhosle)
650 _xExcerpts
_zIndia
_919607
_vFilmi song
_aClassical music
700 _920331
_aKishore Kumar
700 _aBhosle, Asha
_920974
700 _aLahiri, Bappi
_920941
700 _aFaruk Kaiser
_920952
942 _2ddc
_cGR
999 _c47286
_d47286